Plane Surveying (Record no. 4508)

MARC details
000 -LEADER
fixed length control field 00314nam a22001337a 4500
008 - FIXED-LENGTH DATA ELEMENTS--GENERAL INFORMATION
fixed length control field 251118b |||||||| |||| 00| 0 eng d
020 ## - INTERNATIONAL STANDARD BOOK NUMBER
ISBN 8121917808
100 ## - MAIN ENTRY--AUTHOR
Author ALAK,DE
245 ## - TITLE STATEMENT
Title Plane Surveying
260 ## - PUBLICATION, DISTRIBUTION, ETC. (IMPRINT)
Place of publication New Delhi
Name of publisher S.Chand And Company
Date of publication 2012
300 ## - COLLATION
Pagination xv,664p.
942 ## - ADDED ENTRY ELEMENTS (KOHA)
Item type Books
050 ## - LIBRARY OF CONGRESS CALL NUMBER
Classification number TA545
Item number .A43
Holdings
Source of classification or shelving scheme Not for loan Permanent location Current location Date acquired Accession No. Full call number Barcode. Koha item type
Library of Congress Classification   Environmental Sciences Library Environmental Sciences Library 11/18/2025 2025/65057 TA545 .A43 2025-3295 Books